000 00182 a2200097 4500
020 _a078073003990
041 _aspa
100 _aScholastic
245 _aNo tengo Miedo
942 _cBK
999 _c15835
_d15835